000 00294nam a22001217a 4500
008 181030b xxu||||| |||| 00| 0 eng d
041 _aeng
080 _a610.73
100 _a2
101 _aINF
245 _aEncyclopedia and Dictionary of Medicine and Nursing
_cMiller,B.F
942 _2udc
_cBK
999 _c51098
_d51098